000 00499nam a2200181Ia 4500
008 151202s9999||||xx |||||||||||||| ||und||
082 _bPNVM-58033
100 _aकदम बाबा
245 _aरानजाई.
260 _b"शशीदीप प्रकाशन,पुणे."
260 _c1987
300 _a289
600 _aकदम बाबा
630 _aरानजाई.
700 _aकदम बाबा
730 _aरानजाई.
942 _cBOOK
999 _c1324571
_d1324568